| 000 | 00960nam a2200277 i 4500 | ||
|---|---|---|---|
| 003 | DO-SdBNP | ||
| 005 | 20250221164812.0 | ||
| 007 | ta | ||
| 008 | 110414s1998 dr 000 0 spa d | ||
| 040 |
_aDO-SdBNP _bspa _cBNPHU _erda |
||
| 049 | _aBNPD | ||
| 082 | 4 |
_axxxx _bH558no _222 |
|
| 100 | 1 |
_aHernández, Ricardo, _eautor _4aut. _956059 |
|
| 245 | 1 | 0 |
_aNotas sobre la participación haitiana en la Guerra Restauradora / _cRicardo Hernández ; corrección, Mélida García |
| 250 | _aSegunda edición | ||
| 264 | 4 |
_aSanto Domingo : _bEditora Instituto Tecnológico del Cibao Oriental (ITECO), _c1998. |
|
| 300 |
_a33 páginas ; _c22 cm. |
||
| 336 |
_atexto _btxt _2rdacontent |
||
| 337 |
_asin mediación _bn _2rdamedia |
||
| 338 |
_avolumen _bnc _2rdacarrier |
||
| 504 | _aBibliográficas : páginas 31-32 | ||
| 590 | _aInventariado, 2024/BT | ||
| 700 | 1 |
_aGarcía, Mélida, _d1956-2005 _ecorrector _4co. _925351 |
|
| 910 | _aBtavárez | ||
| 942 |
_2ddc _cLF2 |
||
| 999 |
_c57873 _d57873 |
||